Securing Health (Record no. 352520)
[ view plain ]
| 000 -LEADER | |
|---|---|
| fixed length control field | 00788nam a2200133Ia 4500 |
| 008 - FIXED-LENGTH DATA ELEMENTS--GENERAL INFORMATION | |
| fixed length control field | 171212s9999 xx 000 0 und d |
| 020 ## - INTERNATIONAL STANDARD BOOK NUMBER | |
| International Standard Book Number | 9780833037299 |
| 100 ## - MAIN ENTRY--PERSONAL NAME | |
| Personal name | Jones, Seth G.;Hilborne, Lee H.;Anthony, C. Ross;Davis, Lois M.;Girosi, Federico |
| 245 ## - TITLE STATEMENT | |
| Statement of responsibility, etc | Jones, Seth G.;Hilborne, Lee H.;Anthony, C. Ross;Davis, Lois M.;Girosi, Federico |
| Title | Securing Health |
| Remainder of title | Lessons from Nation-Building Missions |
| 260 ## - PUBLICATION, DISTRIBUTION, ETC. (IMPRINT) | |
| Name of publisher, distributor, etc | RAND Corporation |
| Date of publication, distribution, etc | 2006 |
| 650 ## - SUBJECT ADDED ENTRY--TOPICAL TERM | |
| Topical term or geographic name as entry element | Medical assistance -- Evaluation; Medical assistance, American -- Evaluation; Health planning -- international cooperation; Public health -- International cooperation; Nation-building -- Case studies; War -- Health aspects; Post-war reconstruction -- Heal |
| 650 ## - SUBJECT ADDED ENTRY--TOPICAL TERM | |
| Topical term or geographic name as entry element | Political Science |
| 856 ## - ELECTRONIC LOCATION AND ACCESS | |
| Uniform Resource Identifier | <a href="www.jstor.org/stable/10.7249/mg321rc">www.jstor.org/stable/10.7249/mg321rc</a> |
| Withdrawn status | Lost status | Damaged status | Home library | Current library | Date acquired | Total Checkouts | Full call number | Date last seen | Price effective from | Koha item type |
|---|---|---|---|---|---|---|---|---|---|---|
| College Library | College Library | 12/12/2017 | RA390.A2S43 2006 | 12/12/2017 | 12/12/2017 | Curriculum - Based eBooks |